000
00316nam a2200145Ia 4500
005
20251222144904.0
008
251222s9999||||xx |||||||||||||| ||spa||
020
_a
84-7166-866-4
082
_a
882.3/E95/2004
100
_a
EurÃpides
245
0
_a
Tragedias
250
_a
12a.ed.
264
_b
Edaf
942
_c
LIB
999
_c
22078
_d
22078